000 00522nam a2200193 a 4500
001 1774863791578
003 YourLibrary
005 20260330151550.0
008 260330s2009##################000#0#eng##
020 _a9780859898409
082 0 4 _a355.709423
_bHIG
100 1 _aOwen-Crocker, Gale R.,
_eauthor.
245 1 0 _aWorking with Anglo-saxon Manuscripts :
260 _bLiverpool University Press,
_c2009.
300 _a344 pages
650 0 _aArt.
942 _cENGLISH
040 _aYourLibrary
_beng
_cYourLibrary
999 _c618212
_d618212